000 00331nam a22001217a 4500
005 20250901165812.0
008 250327b |||||||| |||| 00| 0 eng d
020 _a9789966364708
050 _a PL8704.M66 2009
245 _aNakuruto / Clara Momanyi.
_cClara Momanyi.
260 _aNairobi, Kenya
_bSasa Sema Publications
942 _2lcc
999 _c9424
_d9424